000 01364cam a22003497a 4500
003 CHAP
005 20220329135709.0
008 971013d1971 mx a r 00110 spa d
010 _a40721
011 _a41693
035 _a45819
040 _cCHAP
082 _a635
_bM67Y 1968
100 0 0 _aMortensen, Ernest.
_978949
245 1 0 _aHorticultura tropical y subtropical
_c/por E. Mortensen y E. Bullard
260 _aMéxico, D.F. :
_bPax-México,
_c1971.
300 _a182 p.
_b: ilus
500 _aTrad. de la 4 ed. en inglés de 1968
590 _aBATCH-UPD
_b10
_c20130110
_lUCH01
_h1751
590 _aCONVERSION
_b10
_c20130109
_lUCH01
_h1322
650 1 4 _aHorticultura.
_956291
700 0 _aBullard, E.
_916033
901 _aBK
905 _aGuadalupe Pinto C.
942 _cLIBRO
949 _a635 M67Y 1968
_bBC
_cLIBRO
_d33724000234563
_eLIBRO
_fc.3
_h16412
_i45819
_mD
_si
_t108.00
949 _a635 M67Y 1968
_bBC
_cLIBRO
_d33724000234571
_eLIBRO
_h16410
_i45819
_mD
_si
_t108.00
949 _a635 M67Y 1968
_bBC
_cLIBRO
_d33724000234589
_eLIBRO
_fc.2
_h16411
_i45819
_si
_t108.00
949 _a635 M67Y 1968
_bBC
_cLIBRO
_d33724000234597
_eLIBRO
_fc.6
_h16416
_i45819
_mD
_si
_t108.00
949 _a635 M67Y 1968
_bBC
_cLIBRO
_d33724000234688
_eLIBRO
_fc.4
_h16413
_i45819
_mD
_si
_t108.00
949 _a635 M67Y 1968
_bBC
_cLIBRO
_d33724000707675
_eLIBRO
_fc.5
_h94165
_i45819
_kDonaciØn
_si
999 _c40721
_d40721